000 00412nam a2200133Ia 4500
008 231129s9999||||xx |||||||||||||| ||spa||
020 _a958-9042-19-8
040 _bspa
082 _a(EN PROCESO DE DESCARTE) 343.0946861 V761c
100 _aVillota V. Luz Marina
245 0 _aCodigo nacional de transito terrestre
264 _aBogotá (Colombia): Legis
942 _2ddc
_cBKS
999 _c7149
_d7149